| 000 | 00568 a2200145 4500 | ||
|---|---|---|---|
| 003 | Nust | ||
| 005 | 20170207154214.0 | ||
| 040 | _cNust | ||
| 082 | _a378.4 | ||
| 245 |
_aNorthumbria _bUni of Northumbria |
||
| 260 |
_aNewcastle _bUni of Northumbria _c2001 |
||
| 505 | _aPoints of Contact (Page-A.3) How to use this Prospectus (Page- A.4) Choose Northumbria (page-A.6) The Region (Page-A.8) The University Campuses (page-A.15) Travel to Northumbria (Page-A.20)Accommodation (Page-A.22) Sporting (Page-A-24) | ||
| 538 | _aAlmirah No. 117 Shelf No. 2 | ||
| 650 | _aUG Prospectus | ||
| 942 |
_2ddc _cBK |
||
| 999 |
_c195009 _d195009 |
||